• 首页
  • 本馆介绍
  • 公告通知
  • 最新文献
  • 馆藏检索
  • 电子资源
  • 读者导购
  • 参考咨询
  • 我的图书馆
  • 登录
  • 详细信息显示
  • 放入我的书架
  • 预约/预借图书
  • 作者相关作品
  • 分类相关作品
  • 丛书相关作品
  • 出版社相关作品

书目信息

  • 表格格式
  • 工作单格式
  • 卡片格式
题名:
大学计算机基础
    
 
作者: 孔繁之 主编
分册:  
出版信息: 北京   人民邮电出版社  2019
页数: 416页
开本: 26cm
丛书名:
单 册:
中图分类: TP3
科图分类:
主题词: 电子计算机--Dian Zi Ji Suan Ji--高等学校--教材 , 电子计算机--Dian Zi Ji Suan Ji
电子资源:
ISBN: 978-7-115-36814-0
000 01116nam0 2200301 45
001 012001003110
005 20140101083559.0
010    @a978-7-115-36814-0@dCNY56.00
092    @aCN@b人天663-2228
099    @aCAL 012015058747
100    @a20150109d2014 em y0chiy50 ea
101 0  @achi
102    @aCN@b110000
105    @aak z 000yy
106    @ar
200 1  @a大学计算机基础@ADa Xue Ji Suan Ji Ji Chu@d= University Computer Foundation@f孔繁之主编@zeng
210    @a北京@c人民邮电出版社@d2019
215    @a416页@c图@d26cm
300    @a21世纪高等学校计算机规划教材 高校系列
330    @a本书是一本介绍计算机基础知识、硬件组成、Windows 7、Office 2010、计算机网络应用、数据库设计基础、多媒体、网站和程序设计基础的普通教材。全书理论部分共有11章,实验部分共有16个实验。
333    @a高校计算机相关专业师生
510 1  @aUniversity Computer Foundation@zeng
606 0  @a电子计算机@ADian Zi Ji Suan Ji@x高等学校@j教材
606 0  @a电子计算机@ADian Zi Ji Suan Ji
690    @aTP3@v5
701  0 @a孔繁之@AKong Fan Zhi@4主编
801  2 @aCN@b北京卓展@c20191020
905    @b1210420-3@dTP3@e1006@f4
    
    大学计算机基础= University Computer Foundation/孔繁之主编.-北京:人民邮电出版社,2019
    416页:图;26cm
    21世纪高等学校计算机规划教材 高校系列.-使用对象:高校计算机相关专业师生
    
    ISBN 978-7-115-36814-0:CNY56.00
    本书是一本介绍计算机基础知识、硬件组成、Windows 7、Office 2010、计算机网络应用、数据库设计基础、多媒体、网站和程序设计基础的普通教材。全书理论部分共有11章,实验部分共有16个实验。
●
相关链接 在E读中查询图书 在五车中查询图书 在当当中查询图书 在豆瓣中查询图书


正题名:大学计算机基础     索取号:TP3/1006         预约/预借

序号 登录号 条形码 馆藏地/架位号 状态 备注
1 1210420   212104202   第二样本阅览室/ [索取号:TP3/1006] 在馆    
2 1210421   212104211   第三借阅区/ [索取号:TP3/1006] 在馆    
3 1210422   212104220   第三借阅区/ [索取号:TP3/1006] 在馆    
4 1210423   212104239   第三借阅区/ [索取号:TP3/1006] 在馆    
唐山师范学院图书馆 欢迎您!
大连网信软件有限公司© 版权所有